Os 15 principais países afetados pela Covid-19 - 17 mar 2021 - Statistics

Estatísticas Gerais
  • Esse quiz foi jogado 15 vezes
  • A pontuação média é 15 de 28
Estatísticas das Respostas
país % Correto
Índia
100%
Argentina
91%
Brasil
91%
Estados Unidos
91%
Itália
91%
Alemanha
82%
Espanha
73%
França
73%
México
73%
Portugal
73%
Reino Unido
73%
Rússia
73%
Colômbia
64%
Polônia
64%
Irão
55%
Suécia
55%
Suíça
55%
Bélgica
45%
Países Baixos
45%
Chéquia
36%
Panamá
36%
Israel
27%
Turquia
27%
Eslovénia
18%
Bahrein
9%
Estônia
9%
Geórgia
9%
Lituânia
9%
Nenhum quiz correspondente encontrado
Distribuição das Pontuações
Porcentagem de Pessoas com Cada Pontuação
Percentil de Números Respondidos
Sua Pontuação Histórica
Você não jogou esse quiz